| 000 | 00664nam a2200241Ia 4500 | ||
|---|---|---|---|
| 005 | 20260121112546.0 | ||
| 008 | 6967 260114s9999 xx 000 0 eng d | ||
| 020 | _a9789812838704 | ||
| 037 | _aEBOOK | ||
| 040 |
_aCRL _beng _cCRL |
||
| 041 |
_aeng _2eng |
||
| 084 | _qCRL | ||
| 100 |
_aChen Gang _9959557 |
||
| 245 | 0 | _aPolitics of China'S Environmental Protection: Problems and Progress | |
| 260 | _bWorld Scientific | ||
| 260 | _bWSPC | ||
| 260 | _c2009 | ||
| 650 |
_aEnvironmental Science _9959558 |
||
| 856 | _uhttps://www.worldscientific.com/worldscibooks/10.1142/7177#t=toc | ||
| 942 | _cEBOOK | ||
| 999 |
_c1544267 _d1544267 |
||